000 00791nam a2200193Ia 4500
008 151121s9999||||xx |||||||||||||| ||und||
082 _a915।44/मंगळ
082 _bHNW-75722
100 _aमंगळवेढेकर राजा
245 _a आपलाभारत 3 -प्यारो राजस्थान
260 _b"दिलीपराज प्रकाशन प्रा। लि।, पुणे।"
260 _c--
300 _a102
600 _aमंगळवेढेकर राजा
630 _a आपलाभारत 3 -प्यारो राजस्थान
700 _aमंगळवेढेकर राजा
730 _a आपलाभारत 3 -प्यारो राजस्थान
942 _cBOOK
999 _c1257155
_d1257152